[Event "World Youth U16 Olympiad 2012"]
[Site "Istanbul TUR"]
[Date "2012.09.03"]
[Round "8.15"]
[White "Vanagas,T"]
[Black "Paredes Bustamante,Paula"]
[Result "1/2-1/2"]
[WhiteElo "2067"]
[BlackElo "1893"]

1.d4 d5 2.c4 e6 3.Nf3 Nf6 4.g3 Be7 5.Bg2 O-O 6.O-O Nbd7 7.Nc3 c6 8.Qd3 b6
9.e4 Ba6 10.b3 dxe4 11.Nxe4 Rc8 12.Bb2 Qc7 13.Rfd1 Rfd8 14.Qe2 Bb7 15.Nc3 Bb4
16.Rac1 Re8 17.a3 Bf8 18.b4 Qb8 19.c5 Nd5 20.Qc2 a5 21.Nxd5 exd5 22.Bh3 Rcd8
23.Re1 Nf6 24.Ne5 bxc5 25.bxc5 Qc7 26.Re3 Ne4 27.Rce1 g6 28.Bg2 Nf6 29.Bc3 Bg7
30.Qa4 Ra8 31.Rb1 Bh6 32.Ree1 Bg7 33.Rb6 Nd7 34.Nxd7 Rxe1+ 35.Bxe1 Qxd7 36.Bd2 Bf6
37.Be3 Bd8 38.Rb1 Ba6 39.Bf1 Bxf1 40.Kxf1 Qf5 41.Rb7 Rc8 42.Qb3 Bc7 43.Kg1 Kg7
44.Qa4 Bd8 45.Bf4 Bf6 46.Be3 Bd8 47.Qb3 Bc7 48.Qc3 h5 49.h4 Bd8 50.Qe1 Qe4
51.Bd2 Bf6 52.Qxe4 dxe4 53.Bc3 Rd8 54.Rc7  1/2-1/2

[Event "40th Olympiad Open"]
[Site "Istanbul TUR"]
[Date "2012.09.04"]
[Round "7.42"]
[White "Pitirotjirathon,J"]
[Black "Mieles Palau,D"]
[Result "1/2-1/2"]
[WhiteElo "2270"]
[BlackElo "2370"]

1.d4 d5 2.c4 e6 3.Nf3 Nf6 4.g3 Be7 5.Bg2 O-O 6.O-O dxc4 7.Qc2 a6 8.a4 Bd7
9.Qxc4 Bc6 10.Ne5 Bxg2 11.Kxg2 Qd5+ 12.Qxd5 exd5 13.b3 Nbd7 14.Nxd7 Nxd7
15.Ba3 Bxa3 16.Nxa3 c6 17.Nc2 Rfe8 18.e3 Kf8 19.Nb4 Ke7 20.Rfc1 Kd6 21.Nd3 Re7
22.h4 Ree8 23.Rc2 Rec8 24.Rac1 a5 25.Nc5 Nxc5 26.Rxc5 Rc7 27.Kf3 b6 28.R5c3 Rac8
29.Ke2 h5 30.Kd3 g6  1/2-1/2

[Event "40th Olympiad Women"]
[Site "Istanbul TUR"]
[Date "2012.09.04"]
[Round "7.2"]
[White "Dzagnidze,N"]
[Black "Hou Yifan"]
[Result "1/2-1/2"]
[WhiteElo "2547"]
[BlackElo "2599"]

1.d4 e6 2.c4 Nf6 3.Nf3 d5 4.g3 Be7 5.Bg2 O-O 6.O-O dxc4 7.Ne5 Nc6 8.Bxc6 bxc6
9.Nxc6 Qe8 10.Nxe7+ Qxe7 11.Qa4 e5 12.dxe5 Qxe5 13.Nc3 Ne4 14.Qxc4 Nxc3 15.bxc3 Be6
16.Qa6 Qxc3 17.Be3 Qe5 18.Rfd1 c5 19.Qa5 Rfc8 20.Rac1 h6 21.Rxc5 Rxc5 22.Qxc5 Qxc5
23.Bxc5 Bxa2 24.Ra1 Bc4 25.Rxa7 Rxa7 26.Bxa7 Bxe2 27.Kg2 g6 28.f3 h5 29.Kf2 Bc4
30.Bd4 Be6  1/2-1/2

[Event "40th Olympiad Women"]
[Site "Istanbul TUR"]
[Date "2012.09.04"]
[Round "7.2"]
[White "Ju Wenjun"]
[Black "Khotenashvili,B"]
[Result "0-1"]
[WhiteElo "2528"]
[BlackElo "2509"]

1.d4 d5 2.c4 e6 3.Nf3 Nf6 4.g3 Be7 5.Bg2 O-O 6.Bg5 h6 7.Bxf6 Bxf6 8.Nbd2 c5
9.cxd5 exd5 10.O-O cxd4 11.Nb3 d3 12.Qxd3 Bxb2 13.Rad1 Nc6 14.Qxd5 Qxd5 15.Rxd5 a5
16.a4 Be6 17.Rb5 Bc4 18.Rxb7 Bxe2 19.Re1 Ba6 20.Rb6 Rfb8 21.Rxc6 Rxb3 22.Nd2 Rb4
23.Rc5 Rd8 24.Rc2 Bd4 25.Bc6 Bd3 26.Ra2 Bb2 27.Re3 Bc2 28.Re8+ Rxe8 29.Bxe8 Bd3
30.Bc6 Kf8 31.Kg2 Ke7 32.Kf3 Kd6 33.Bb5 Bxb5 34.axb5 a4 35.b6 a3 36.Ke3 Kc6
37.Kd3 Rxb6 38.Kc4 Kd6 39.f4 Ke6 40.Kc5 Rb8 41.Nb1 Ra8 42.Nd2 Rc8+ 43.Kb4 Kd5
44.Kb3 Kd4 45.Nf3+ Ke3 46.Ne5 f6 47.Nc4+ Rxc4 48.Kxc4 Kf3 49.Kd3 f5 50.Kd2 Kg2
51.Ke2 Kxh2 52.Kf2 h5 53.Kf3 Kg1  0-1

[Event "40th Olympiad Open"]
[Site "Istanbul TUR"]
[Date "2012.09.04"]
[Round "7.21"]
[White "Michalik,P"]
[Black "Halay,T"]
[Result "1-0"]
[WhiteElo "2508"]
[BlackElo "2361"]

1.d4 d5 2.c4 e6 3.Nf3 Nf6 4.g3 Be7 5.Bg2 O-O 6.O-O c6 7.Qc2 Ne4 8.Nbd2 f5
9.Ne5 Nd7 10.Nd3 Kh8 11.Nf3 Bf6 12.b3 dxc4 13.Qxc4 Nb6 14.Qc2 Bxd4 15.Nxd4 Qxd4
16.Bb2 Qd6 17.a4 Qc7 18.f3 Nf6 19.a5 Nbd7 20.e4 b6 21.Nf4 Nc5 22.axb6 Qe7
23.Ba3 Nfd7 24.Rfc1 Rd8 25.b7 Bxb7 26.Nd3 Qg5 27.f4 Nxd3 28.fxg5 Nxc1 29.exf5 exf5
30.Rxc1  1-0

[Event "40th Olympiad Women"]
[Site "Istanbul TUR"]
[Date "2012.09.04"]
[Round "7.12"]
[White "Dedijer,S"]
[Black "Nikolova,A"]
[Result "1/2-1/2"]
[WhiteElo "2036"]
[BlackElo "2299"]

1.d4 Nf6 2.c4 e6 3.g3 d5 4.Bg2 Be7 5.Nf3 O-O 6.O-O dxc4 7.Ne5 Nc6 8.Nxc6 bxc6
9.a4 Rb8 10.Na3 Bxa3 11.Rxa3 Nd5 12.Qc2 Ba6 13.Rd1 Nb4 14.Qb1 c3 15.bxc3 Bxe2
16.Rd2 Nd5 17.Rb3 Bc4 18.Rxb8 Qxb8 19.Qxb8 Rxb8 20.Rb2 Rxb2 21.Bxb2 a5 22.Bxd5 cxd5
23.Bc1 Bb3 24.Bf4 c6 25.Bc7 Bxa4 26.Bxa5 g5 27.f4 gxf4 28.gxf4 Bc2 29.Kf2 Kg7
30.Bd8 Kg6 31.Ke3 Kf5 32.h4 Kg4 33.Be7 Kg3 34.Bd8 Ba4 35.Be7 Kg4 36.Bd8 Kf5
37.Be7 Bb5 38.Bd8 c5 39.Be7 Kg4 40.Bd8 Kf5 41.Be7 cxd4+ 42.cxd4 f6 43.Bd8 e5
44.fxe5 fxe5 45.dxe5 Kxe5 46.Bc7+ Kf5 47.Kd4 Kg4  1/2-1/2

[Event "3rd Oliver Gonzalez Mem Open A"]
[Site "Madrid ESP"]
[Date "2012.09.04"]
[Round "4.30"]
[White "Lopez Mulet,Inigo"]
[Black "Barez Menendez,H"]
[Result "0-1"]
[WhiteElo "2019"]
[BlackElo "2167"]

1.d4 d5 2.c4 e6 3.Nf3 Nf6 4.g3 Be7 5.Bg2 O-O 6.O-O dxc4 7.Qc2 a6 8.Qxc4 b5
9.Qc2 Bb7 10.a3 Be4 11.Qd1 c5 12.dxc5 Bxc5 13.Nc3 Bb7 14.Bg5 Nbd7 15.Rc1 Qb6
16.b4 Bxf2+ 17.Rxf2 Ng4 18.e3 Nxf2 19.Kxf2 f6 20.Qxd7 fxg5 21.Na4 Qd8 22.Nc5 Bxf3
23.Bxf3 g4 24.Rd1 Rxf3+ 25.Ke2 Qxd7 26.Rxd7 Rf6 27.Re7 Kf8 28.Rxe6 Rxe6 29.Nxe6+ Kf7
30.Nd4 Rc8 31.Kd2 Kf6 32.Nb3 Ke5 33.Nc5 Rc6 34.Kd3 Rh6 35.Nd7+ Kd6 36.Nc5 Rxh2
37.Nxa6 Ra2 38.Nc5 Rxa3+ 39.Kd4 Ra1 40.e4 Rd1+ 41.Ke3 Rb1 42.Na6 g5 43.Kd4 Rd1+
44.Ke3 Ra1 45.Nc5 Ra3+ 46.Kf2 Ke5  0-1

[Event "40th Olympiad Open"]
[Site "Istanbul TUR"]
[Date "2012.09.05"]
[Round "8.13"]
[White "Papaioannou,I"]
[Black "Beliavsky,A"]
[Result "1/2-1/2"]
[WhiteElo "2606"]
[BlackElo "2609"]

1.d4 Nf6 2.c4 e6 3.g3 d5 4.Bg2 Be7 5.Nf3 O-O 6.O-O dxc4 7.Qc2 a6 8.a4 Bd7
9.Qxc4 Bc6 10.Bg5 Bd5 11.Qd3 c5 12.dxc5 Bxc5 13.Nc3 Bc6 14.Ne5 Bxg2 15.Kxg2 Qxd3
16.Nxd3 Be7 17.Rac1 Nbd7 18.Rc2 Rfc8 19.Rfc1 Kf8 20.Nb1 Rxc2 21.Rxc2 Nd5
22.Bd2 Ke8 23.e4 N5b6 24.b3 Rc8 25.Rxc8+ Nxc8 26.Be3 Nd6 27.f3 b5 28.axb5 Nxb5
29.Nd2 Na3 30.Kf1 Nc2 31.Bf2 Nb4 32.Ke2 Nxd3 33.Kxd3 Ne5+ 34.Ke2 Nc6  1/2-1/2

[Event "40th Olympiad Open"]
[Site "Istanbul TUR"]
[Date "2012.09.06"]
[Round "9.50"]
[White "Simoes,Joao ANG"]
[Black "Croad,N"]
[Result "0-1"]
[WhiteElo "2275"]
[BlackElo "2255"]

1.d4 Nf6 2.Nf3 e6 3.c4 d5 4.g3 Be7 5.Bg2 O-O 6.O-O c6 7.Qc2 b6 8.Nbd2 Nbd7
9.e4 Bb7 10.e5 Ne8 11.cxd5 cxd5 12.Re1 Rc8 13.Qd1 Nc7 14.Nf1 Na6 15.a3 Nab8
16.Bd2 Nc6 17.h4 Na5 18.Ng5 Nc4 19.Bc1 h6 20.Nh3 Qe8 21.Nf4 Nb8 22.Nh2 Nc6
23.Bf1 Kh8 24.b3 N4a5 25.Ng4 Rg8 26.Be3 Nb8 27.b4 Nc4 28.Bc1 a5 29.bxa5 bxa5
30.Bd3 Ba6 31.Bb1 Nb6 32.Ra2 Na4 33.Rc2 Nc3 34.Rxc3 Rxc3 35.Qd2 Rc8 36.Nh5 Qb5
37.Bb2 Bf8 38.Kh2 Nd7 39.Qf4 g6 40.Qxf7 Rg7 41.Nxg7 Bxg7 42.Qxg6 Nf8 43.Qh5 Qxb2
44.Kg2 Qd2 45.Nxh6 Qxh6 46.Qd1 Bb5 47.f4 Be8 48.Rf1 Bg6 49.g4 Bxb1 50.Qxb1 Ng6
51.h5 Nxf4+ 52.Kg3 Rc3+ 53.Kf2 Nh3+ 54.Kg2 Qd2+ 55.Kh1 Rc2  0-1

[Event "9th LGA Premium Cup"]
[Site "Nuernberg GER"]
[Date "2012.09.06"]
[Round "1.53"]
[White "Siedentopf,D"]
[Black "Suess,Stefan2"]
[Result "1-0"]
[WhiteElo "2310"]
[BlackElo "1971"]

1.d4 d5 2.c4 e6 3.Nf3 Nf6 4.g3 Be7 5.Bg2 O-O 6.O-O dxc4 7.Qc2 c6 8.Qxc4 b5
9.Qb3 Bb7 10.a4 a6 11.Bg5 Qb6 12.Nc3 h6 13.Bxf6 Bxf6 14.Ne4 Be7 15.Rfc1 Nd7
16.Qc3 a5 17.Nc5 Nxc5 18.dxc5 Qa6 19.axb5 Qxb5 20.Nd4 Qa6 21.b4 a4 22.e3 Bf6
23.Bf1 Qa7 24.Ra3 Qb8 25.Rca1 Qc8 26.Rxa4 Rxa4 27.Rxa4 e5 28.Nb3 Qg4 29.Qc4 Qf3
30.Be2 Qf5 31.Bd3 Qf3 32.Be2 Qf5 33.Bd3 Qf3 34.Be4 Qd1+ 35.Kg2 Bc8 36.Qc2 Qg4
37.Ra1 Rd8 38.Na5 Be6 39.Nxc6 Rd2 40.Ra8+  1-0

[Event "14th Trieste Open A"]
[Site "Trieste ITA"]
[Date "2012.09.06"]
[Round "7"]
[White "Granaldi,A"]
[Black "Movileanu,Daniela"]
[Result "1-0"]
[WhiteElo "2105"]
[BlackElo "1993"]

1.d4 Nf6 2.c4 e6 3.g3 d5 4.Nf3 Be7 5.Bg2 Nbd7 6.O-O O-O 7.Qc2 c5 8.cxd5 Nxd5
9.Rd1 b6 10.e4 Nb4 11.Qb3 c4 12.Qxc4 Ba6 13.Qb3 Rc8 14.Na3 Nf6 15.Ne1 Nc6
16.Be3 Na5 17.Qa4 b5 18.Nxb5 Rc4 19.b4 Rxb4 20.Qc2 Bxb5 21.Bd2 Rc4 22.Qd3 a6
23.d5 e5 24.d6 Bxd6 25.Bxa5 Qxa5 26.Qxd6 Ba4 27.Rdc1 Rd4 28.Qc5 Qxc5 29.Rxc5 Nd7
30.Rd5 Rxd5 31.exd5 Rd8 32.Rc1 Nf6 33.Nd3  1-0

[Event "40th Olympiad Open"]
[Site "Istanbul TUR"]
[Date "2012.09.07"]
[Round "10.37"]
[White "Sharavdorj,D"]
[Black "Hussein,AH"]
[Result "1-0"]
[WhiteElo "2446"]
[BlackElo "2329"]

1.Nf3 Nf6 2.c4 e6 3.g3 d5 4.d4 Be7 5.Bg2 O-O 6.O-O c6 7.Qc2 b6 8.Nbd2 Bb7
9.e4 Na6 10.a3 c5 11.cxd5 exd5 12.e5 Nd7 13.Re1 Nc7 14.Nf1 Ne6 15.Ne3 g6
16.Qd1 Rc8 17.Nc2 Re8 18.Bh6 Bf8 19.Bxf8 Ndxf8 20.Qd2 f5 21.exf6 Qxf6 22.Re3 cxd4
23.Ncxd4 Nc5 24.Rae1 Ne4 25.Qd3 Nd7 26.Qe2 Ndc5 27.Qd1 Rf8 28.Bh3 Rce8 29.b4 Ng5
30.Rxe8 Nxh3+ 31.Kg2 Ne4 32.Rxf8+ Kxf8 33.Qc2 Nhxf2 34.Qc7 Qf7 35.Rc1  1-0

[Event "40th Olympiad Women"]
[Site "Istanbul TUR"]
[Date "2012.09.07"]
[Round "10.21"]
[White "Guindy,E"]
[Black "Sihite,Chelsie Monica"]
[Result "0-1"]
[WhiteElo "2132"]
[BlackElo "2162"]

1.d4 Nf6 2.c4 e6 3.g3 d5 4.Bg2 Be7 5.Nf3 O-O 6.O-O dxc4 7.Qc2 b5 8.a4 b4
9.Ne5 Qxd4 10.Bxa8 Qxe5 11.Bf4 Qh5 12.Bf3 Ng4 13.Bxg4 Qxg4 14.Nd2 e5 15.Be3 Ba6
16.f3 Qe6 17.Rac1 Nc6 18.Nxc4 Nd4 19.Bxd4 exd4 20.b3 f5 21.Qd3 Bc5 22.Rfe1 Re8
23.Kg2 g5 24.Rc2 g4 25.Rh1 Bxc4 26.Qxc4 Qxc4 27.bxc4 Re3 28.fxg4 fxg4 29.Rf1 b3
30.Rd2 Rc3 31.Rb1 Rxc4 32.Rxb3 Rxa4 33.Rb5 Be7 34.Rc2 c5 35.Kf2 c4 36.Rd5 Kf7
37.Rh5 Kg6 38.Re5 Bf6 39.Re4 h5 40.Re6 Kf5 41.Rc6 c3 42.Rc5+ Ke4 43.Rxh5 d3
44.exd3+ Kxd3 45.Rc1 Kd2 46.Re1 Bd4+ 47.Kf1 c2 48.Re2+ Kd3 49.Re1 Ra1 50.Rxa1 Bxa1
51.Rc5 Bc3  0-1

[Event "40th Olympiad Women"]
[Site "Istanbul TUR"]
[Date "2012.09.07"]
[Round "10.12"]
[White "Exler,V"]
[Black "Khademalsharieh,S"]
[Result "1/2-1/2"]
[WhiteElo "2103"]
[BlackElo "2270"]

1.d4 Nf6 2.c4 e6 3.g3 d5 4.Bg2 Be7 5.Nf3 O-O 6.O-O dxc4 7.Qc2 a6 8.a4 Bd7
9.Qxc4 Bc6 10.Bf4 a5 11.Nc3 Na6 12.Rac1 Nb4 13.Ne5 Bxg2 14.Kxg2 c6 15.e4 Nd7
16.Nxd7 Qxd7 17.Rfd1 Rfd8 18.Rd2 Qe8 19.Rcd1 Rac8 20.Qe2 Bf6 21.Qh5 b6 22.Bg5 Bxg5
23.Qxg5 Rd7 24.Qe3 Qd8 25.Qf3 Qc7 26.d5 exd5 27.exd5 Rcd8 28.d6 Qb8 29.Qf4 Re8
30.Rd4 h6 31.Re4 Qd8 32.Rxe8+ Qxe8 33.Qd4 Qd8 34.Qe5 Kf8 35.Rd4 Qe8 36.Qf5 Kg8
37.Ne4 Nd5 38.Rc4 Rd8 39.d7 Rxd7 40.Rxc6 Rd8 41.Rd6 Ne7 42.Qe5 Rxd6 43.Qxd6 Nc8  1/2-1/2

[Event "11th Kesarovski-Stanchev Mem"]
[Site "Sunny Beach BUL"]
[Date "2012.09.07"]
[Round "7.23"]
[White "Bazarov,K"]
[Black "Novak,Mic"]
[Result "1/2-1/2"]
[WhiteElo "2301"]
[BlackElo "2141"]

1.d4 Nf6 2.c4 e6 3.g3 d5 4.Bg2 Be7 5.Nf3 O-O 6.O-O c5 7.cxd5 Nxd5 8.e4 Nb6
9.Nc3 cxd4 10.Nxd4 Nc6 11.Nxc6 bxc6 12.Qh5 Bb7 13.Rd1 Qc8 14.Bf4 Rd8 15.Rdc1 Qd7
16.Bf1 Qe8 17.a4 Nd7 18.Be3 e5 19.Bc4 Bc5 20.Qe2 Bxe3 21.Qxe3 Qe7 22.Ne2 a5
23.Rc2 Ba6 24.Bxa6 Rxa6 25.Rd1 Nf8 26.Rxd8 Qxd8 27.Rd2 Qe7 28.Qc3 g6 29.Nc1 Qb4
30.Qxb4 axb4 31.b3 Ne6 32.Rc2 f6 33.Rc4 c5 34.Kf1 Kf7 35.Ke1 Ke7 36.Kd1 Kd6
37.Kc2 Nd4+ 38.Kb2 Nf3 39.Nd3 Rc6 40.Rc1 h5 41.h4 Nd4 42.Ne1 f5 43.exf5 gxf5
44.Ng2 Kd5 45.Ne3+ Ke6 46.Nc4 e4 47.a5 Ra6 48.Rd1 Kf6 49.Rc1 Ke6 50.Ra1 Nc6
51.Ra2 Nd4 52.Ra1 Nc6 53.Kc1 Nd4 54.Rb1 Nc6 55.Kc2 Nd4+ 56.Kd1 Nc6 57.Ke2 Ne5
58.Ra1 Nxc4 59.bxc4 Kd6 60.Ke3 Ke5  1/2-1/2

[Event "14th Trieste Open A"]
[Site "Trieste ITA"]
[Date "2012.09.07"]
[Round "8"]
[White "Banusz,T"]
[Black "Manca,F"]
[Result "1/2-1/2"]
[WhiteElo "2583"]
[BlackElo "2421"]

1.Nf3 Nf6 2.c4 e6 3.g3 d5 4.Bg2 Be7 5.d4 O-O 6.O-O dxc4 7.Ne5 Nc6 8.Bxc6 bxc6
9.Nxc6 Qe8 10.Nxe7+ Qxe7 11.Qa4 e5 12.dxe5 Qxe5 13.Qxc4 Be6 14.Qd3 Rad8 15.Qe3 Qh5
16.f3 Rfe8 17.Qf2 Bc4 18.Nc3 Nd5 19.Re1 Nxc3 20.bxc3 Qa5 21.e4 Qxc3 22.Be3 a6
23.Rac1 Qb4 24.Rc2 Rd3 25.Rec1 Be6 26.Qe2 Red8 27.Rxc7 h6 28.g4 Qa4 29.R7c2 Ra3
30.Bc5 Rxa2 31.Rxa2 Qxa2 32.Qxa2 Bxa2 33.Bb4 Rd4 34.Rc8+ Kh7 35.Be1 Rc4 36.Ra8 Ra4
37.Kf2 Bc4 38.Rc8 Ra2+ 39.Kg3 Rc2 40.h4 Bd3 41.Rd8 Bc4 42.Rd7 Kg8 43.Rd6 Rb2
44.Rc6 Rc2 45.Rb6 Kh7 46.Kf4 Rc1 47.Rc6 Rc2 48.Ke5 Bd3 49.Rd6 Be2 50.Rd7 Bxf3
51.Rxf7 Bxe4 52.Kf4 Bg6 53.Ra7 Rc4+ 54.Kg3 Bd3 55.Re7 Re4 56.Rxe4 Bxe4 57.Kf4 Bc2
58.h5  1/2-1/2

[Event "9th LGA Premium Cup"]
[Site "Nuernberg GER"]
[Date "2012.09.08"]
[Round "5.76"]
[White "Adler,Her"]
[Black "Matuschek,T"]
[Result "1-0"]
[WhiteElo "2011"]
[BlackElo "1782"]

1.d4 Nf6 2.g3 e6 3.c4 d5 4.Bg2 Be7 5.Nf3 O-O 6.O-O Nbd7 7.b3 b6 8.Bb2 Bb7
9.Re1 c6 10.Nbd2 Qc7 11.Rc1 Rac8 12.Qc2 Rfe8 13.Ne5 Bd6 14.Nxd7 Qxd7 15.e4 dxe4
16.Nxe4 Be7 17.Rcd1 Qc7 18.Rd3 g6 19.Red1 Nxe4 20.Bxe4 Bf6 21.Qe2 Qe7 22.h4 h5
23.Bf3 Kg7 24.Bc1 Rh8 25.Bf4 c5 26.Bxb7 Qxb7 27.dxc5 bxc5 28.Rd7 Qb6 29.R1d6 Rc6
30.Qxe6  1-0

[Event "DYTM KL Open 2012"]
[Site "Kuala Lumpur MAS"]
[Date "2012.09.19"]
[Round "4.19"]
[White "Kuderinov,K"]
[Black "Vinod,G"]
[Result "1-0"]
[WhiteElo "2484"]
[BlackElo "2063"]

1.d4 d5 2.c4 e6 3.Nf3 Nf6 4.g3 Be7 5.Bg2 O-O 6.O-O c6 7.Nc3 b6 8.b3 Bb7 9.Bb2 Nbd7
10.Qc2 Rc8 11.e4 dxe4 12.Nxe4 Nxe4 13.Qxe4 Nf6 14.Qc2 c5 15.Rad1 Be4 16.Qe2 Qc7
17.dxc5 Bxf3 18.Bxf3 Qxc5 19.Bd4 Qf5 20.Qd3 Qh3 21.Bg2 Qh5 22.Qf3 Qxf3 23.Bxf3 Rfd8
24.Kg2 Bd6 25.Bc3 Bc5 26.Rfe1 Kf8 27.h4 Ke7 28.g4 h6 29.g5 hxg5 30.hxg5 Nh7
31.g6 Ng5 32.Bb7 Rxd1 33.Rxd1 Rc7 34.Ba8 Rc8 35.f4 Rxa8 36.fxg5 f6 37.Rh1 e5
38.Kf3 Ke6 39.gxf6 gxf6 40.b4 Be7 41.a4 Rg8 42.Rg1 Rg7 43.c5 bxc5 44.b5 Bd6
45.Bd2 Kf5 46.a5 c4 47.Be3 e4+ 48.Ke2 Bc7 49.a6 Bb8 50.Rh1 c3 51.Rh8 Bf4
52.Rc8 Rxg6 53.Bxf4 Kxf4 54.b6 axb6 55.a7 Rg2+ 56.Kd1 Ra2 57.a8=Q Rxa8 58.Rxa8 Ke3
59.Rf8 Kd3 60.Rxf6 b5 61.Rd6+ Kc4 62.Kc2 b4 63.Rc6+ Kd4 64.Rc8 Ke3 65.Rc4 Kf3
66.Rxb4 e3 67.Kxc3  1-0

[Event "TCh-SRB Prem 2012"]
[Site "Valjevo SRB"]
[Date "2012.09.20"]
[Round "4.2"]
[White "Mastrovasilis,A"]
[Black "Bogosavljevic,B"]
[Result "0-1"]
[WhiteElo "2505"]
[BlackElo "2497"]

1.d4 Nf6 2.c4 e6 3.g3 d5 4.Bg2 Be7 5.Nf3 O-O 6.O-O dxc4 7.Ne5 Nc6 8.Bxc6 bxc6
9.Nxc6 Qe8 10.Nxe7+ Qxe7 11.Qc2 Ba6 12.Rd1 c5 13.b3 Rfd8 14.Ba3 e5 15.Bxc5 Qe6
16.Nc3 Bb7 17.f3 exd4 18.Na4 Ng4 19.Qd2 Ne3 20.Bxd4 Nxd1 21.Rxd1 Rac8 22.Kf2 cxb3
23.axb3 Ba6 24.Nc3 Rxc3  0-1

[Event "21st TCh-CRO 1a 2012"]
[Site "Sibenik CRO"]
[Date "2012.09.23"]
[Round "1.4"]
[White "Kurajica,B"]
[Black "Zelcic,R"]
[Result "0-1"]
[WhiteElo "2556"]
[BlackElo "2561"]

1.Nf3 Nf6 2.d4 e6 3.g3 d5 4.Bg2 Be7 5.c4 O-O 6.Nbd2 c5 7.dxc5 Bxc5 8.O-O Nc6
9.Nb3 Bb6 10.Bf4 dxc4 11.Nbd2 c3 12.bxc3 Nd5 13.Nc4 Nxf4 14.gxf4 Qf6 15.Nxb6 axb6
16.Qd2 Ra4 17.e3 e5 18.Nxe5 Nxe5 19.fxe5 Qxe5 20.f4 Qc5 21.Rab1 Re8 22.Rb4 Rxb4
23.cxb4 Qe7 24.e4 Bd7 25.Qd4 b5 26.Rd1 Bc6 27.e5 Qe6 28.Bxc6 bxc6 29.Qd7 Qg6+
30.Kf2 Rf8 31.Rd6 Qe4 32.Rd4 Qh1 33.Ke3 h6 34.Rd1 Qg2 35.Rd2 Qg1+ 36.Kf3 Ra8
37.Rd3 Qxh2 38.a3 h5 39.Rc3 Qh1+ 40.Kf2 Qh4+ 41.Kf3 Rd8 42.Qxc6 Qh1+ 43.Ke3 Qe1+  0-1

[Event "21st TCh-CRO 1b 2012"]
[Site "Sibenik CRO"]
[Date "2012.09.23"]
[Round "1.2"]
[White "Djurovic,G"]
[Black "Matkovic,T"]
[Result "1/2-1/2"]
[WhiteElo "2378"]
[BlackElo "2306"]

1.Nf3 Nf6 2.c4 e6 3.g3 d5 4.Bg2 Be7 5.d4 O-O 6.O-O Ne4 7.b3 f5 8.Ne5 Nd7
9.f3 Nef6 10.Bb2 c6 11.Nd2 a5 12.Nd3 Qe8 13.e4 dxe4 14.fxe4 fxe4 15.Nxe4 Nxe4
16.Rxf8+ Bxf8 17.Bxe4 Nf6 18.Bg2 Qg6 19.Ne5 Qh5 20.Bf3 Qe8 21.a3 Bd6 22.Qe2 Qe7
23.Nd3 Bd7 24.c5 Bc7 25.Re1 Rf8 26.Bc1 Qf7 27.Bf4 Bxf4 28.Nxf4 Nd5 29.Bxd5 exd5
30.Qe7 Bf5 31.Re5 Qxe7 32.Rxe7 g5 33.Ng2 Rf7 34.Rxf7 Kxf7 35.Ne3 Kf6 36.Kf2 h5
37.Ke2 Be4 38.Kd2 Bf3 39.Kc3 Be2 40.a4 Ke6 41.b4 h4 42.bxa5 hxg3 43.hxg3 Ba6
44.Kd2 Kf6 45.Ke1 Ke6 46.Kf2 Bc4 47.Kf3 Ba6 48.Kg4 Kf6 49.Kh5 Be2+ 50.g4 Bd3
51.Nd1 Bg6+ 52.Kh6 Be8 53.Ne3 Bd7 54.Kh5 Be8+ 55.Kh6 Bd7 56.Kh5  1/2-1/2

[Event "30th Balaton Open"]
[Site "Heviz HUN"]
[Date "2012.09.24"]
[Round "2.6"]
[White "Csala,Im"]
[Black "Koczka,Z"]
[Result "1-0"]
[WhiteElo "2198"]
[BlackElo "2254"]

1.d4 e6 2.c4 d5 3.Nf3 Nf6 4.g3 Be7 5.Bg2 O-O 6.O-O dxc4 7.Ne5 c5 8.dxc5 Bxc5
9.Nxc4 Nc6 10.Nc3 h6 11.Bf4 Qe7 12.Bd6 Bxd6 13.Qxd6 Qxd6 14.Nxd6 Rb8 15.Rac1 e5
16.e3 Be6 17.b3 Nb4 18.Nxb7 Rfc8 19.Nd6 Rc5 20.Rfd1 Bg4 21.f3 Be6 22.a3 Nbd5
23.Nxd5 Rxd5 24.b4 Rxd1+ 25.Rxd1 Rd8 26.Rd2 Rd7 27.Kf2 Kf8 28.e4 g5 29.a4 a6
30.Bf1 Ne8 31.Nc4 Rb7 32.Rb2 f6 33.Ne3 a5 34.b5 Nd6 35.Rd2 Ke7 36.Nd5+ Bxd5
37.Rxd5 g4 38.Rc5 Kd7 39.Ke3 Rc7 40.Rxc7+ Kxc7 41.fxg4 Kb6 42.Bd3 Kc5 43.h4 Kb4
44.Be2 Kc5 45.Bf1 Kb6 46.g5 fxg5 47.hxg5 hxg5 48.Kf3 Kc5 49.Bd3 Kd4 50.Bb1 Kc3
51.b6 Kb3 52.Bd3 Nb7 53.Ba6 Nc5 54.Bb5 Kc3 55.Bc6 Kd4 56.b7 Na6 57.Kg4 Kc5
58.Bb5 Nb8 59.Kxg5  1-0

[Event "US Chess League 2012"]
[Site "ICC INT"]
[Date "2012.09.24"]
[Round "4"]
[White "Chakraborty,Di"]
[Black "Ryba,Andrew"]
[Result "0-1"]
[WhiteElo "2166"]
[BlackElo "2186"]

1.d4 Nf6 2.c4 e6 3.Nf3 d5 4.g3 Be7 5.Bg2 O-O 6.O-O dxc4 7.Qc2 a6 8.Qxc4 b5
9.Qc2 Bb7 10.Bd2 Be4 11.Qc1 Nbd7 12.Ba5 Ra7 13.Nbd2 Bd5 14.Qc2 Qa8 15.Ne1 c5
16.e4 Bb7 17.dxc5 Bxc5 18.Rc1 Rc8 19.Qb1 Bb6 20.Rxc8+ Qxc8 21.Bxb6 Nxb6 22.Nd3 Ba8
23.Rc1 Qd8 24.f3 Qd4+ 25.Kh1 Rd7 26.Bf1 Qe3 27.Qc2 h6 28.Re1 Qd4 29.Nb3 Qc4
30.Qb1 Qc8 31.Ndc5 Rc7 32.Rc1 Nbd7 33.Nxd7 Nxd7 34.Rxc7 Qxc7 35.Qc1 Qxc1
36.Nxc1 Ne5 37.Bg2 Kf8 38.Kg1 Ke7 39.Kf2 Kd7 40.b4 Kc7 41.Ke3 Kb6 42.Kd4 Nc4
43.a4 e5+ 44.Kc3 Bc6 45.a5+ Kc7 46.Bh3 Bb7 47.Nd3 f6 48.Nc5 g6 49.Be6 Ne3
50.Kd3 Nd1 51.Kc2 Ne3+ 52.Kd3 Nd1 53.Kd2 Nb2 54.Bb3 Bc8 55.Kc3 Na4+ 56.Bxa4 bxa4
57.Nxa4 Kc6  0-1

[Event "Tatry Open 2012"]
[Site "Tatranske Zruby SVK"]
[Date "2012.09.25"]
[Round "3.61"]
[White "Jancura,A"]
[Black "Kracik,D"]
[Result "1/2-1/2"]
[WhiteElo "1872"]
[BlackElo "2059"]

1.c4 e6 2.g3 d5 3.Bg2 Nf6 4.d4 Be7 5.Nf3 O-O 6.O-O Ne4 7.Nc3 Nxc3 8.bxc3 Nd7
9.Qb3 c6 10.Rd1 Qb6 11.c5 Qxb3 12.axb3 Bf6 13.Bg5 Bxg5 14.Nxg5 Nf6 15.f4 Bd7
16.Nf3 Ng4 17.Bh3 Nf6 18.Ne5 Rfd8 19.Bg2 Be8 20.b4 a6 21.Kf2 Nd7 22.Nxd7 Rxd7
23.e4 f6 24.Bh3 Re7 25.Re1 Kf8 26.exd5 exd5 27.Rxe7 Kxe7 28.Kf3 Rd8 29.Re1+ Kf8
30.Bf5 Bg6 31.Bxg6 hxg6 32.h4 Kf7 33.g4 Rh8 34.Kg3 Ra8 35.h5 gxh5 36.gxh5 Re8
37.Rxe8 Kxe8 38.Kg4 Kf8 39.f5 Kg8 40.Kh4 Kh7 41.Kg4 Kh6 42.Kh4 Kh7 43.Kg4  1/2-1/2

[Event "TCh-SRB Prem 2012"]
[Site "Valjevo SRB"]
[Date "2012.09.25"]
[Round "9.5"]
[White "Kostic,Mil"]
[Black "Miljkovic,Mir1"]
[Result "0-1"]
[WhiteElo "2257"]
[BlackElo "2467"]

1.d4 Nf6 2.Nf3 e6 3.g3 d5 4.c4 Be7 5.Bg2 O-O 6.O-O dxc4 7.Ne5 Nc6 8.Nxc6 bxc6
9.e3 Nd5 10.Qa4 Nb6 11.Qxc6 Rb8 12.Nc3 Bb7 13.Qb5 a6 14.Qa5 Bxg2 15.Kxg2 Nd5
16.Qa4 c5 17.dxc5 Nxc3 18.bxc3 Qd5+ 19.Kg1 Bxc5 20.Ba3 Bxa3 21.Qxa3 Qc6 22.Rad1 Rfd8
23.Qa5 Rd3 24.Rb1 Rb5 25.Qa3 h5 26.h4 Rd2 27.Rbd1 Rd3 28.Qe7 Rbd5 29.Rb1 Rd7
30.Qg5 R3d5 31.Qf4 Rf5 32.Qb8+ Kh7 33.Rbe1 Rd2 34.e4 Rf3 35.Qe5 g6 36.Re3 f6
37.Qb8 Rxe3 38.Qa7+ Qd7 39.Qxe3 Rd3 40.Qf4 Rxc3 41.Qxf6 Rd3 42.Rc1 Rd1+ 43.Rxd1 Qxd1+
44.Kh2 Qd7 45.Qc3 Qc7 46.Kg2 e5 47.Kf3 Kg7 48.Ke2 Kf7 49.f4 exf4 50.gxf4 Qxf4
51.Qxc4+ Kg7 52.Qd4+ Kh7 53.Qd7+ Kh6 54.Qe7 Qh2+ 55.Kd3 Qxa2 56.Qf8+ Kh7
57.Qe7+ Kg8 58.Qe8+ Kg7 59.Qe5+ Kf8 60.Qd6+ Ke8 61.Qxg6+ Qf7 62.Qg5 Kd7 63.Kc3 Kc6
64.Kb2 Qf2+ 65.Kb1 Qe1+ 66.Ka2 Qe2+ 67.Ka3 Qd3+ 68.Ka2 Qc4+ 69.Ka1 Qa4+ 70.Kb2 Qb5+
71.Qxb5+ Kxb5 72.Kb3 Kc5 73.Kc3 Kd6 74.Kd4 Ke6 75.e5 a5 76.Kc4 Kxe5 77.Kb5 Kf4
78.Kxa5 Kg4  0-1

[Event "1st Simon Bolivar Open 2012"]
[Site "San Cristobal VEN"]
[Date "2012.09.27"]
[Round "4.5"]
[White "Cori,J"]
[Black "Beliavsky,A"]
[Result "1/2-1/2"]
[WhiteElo "2505"]
[BlackElo "2609"]

1.d4 Nf6 2.c4 e6 3.g3 d5 4.Nf3 Be7 5.Bg2 O-O 6.O-O dxc4 7.Ne5 Nc6 8.Nxc6 bxc6
9.Na3 Bxa3 10.bxa3 Nd5 11.Qc2 Ba6 12.Rd1 Qe7 13.e4 Nb6 14.a4 Qb4 15.e5 Qxa4
16.Qxa4 Nxa4 17.Bxc6 Nc3 18.Rd2 Rab8 19.Bb2 Ne2+ 20.Rxe2 c3 21.Ba3 Bxe2 22.Bxf8 Kxf8
23.Rc1 Rb4 24.Rxc3 Rxd4 25.f4 Rd2 26.a3 h6 27.h4 Bd1 28.Be4 Rd4 29.Bc2 Bxc2
30.Rxc2 Rd3 31.Kf2 g5 32.hxg5 hxg5 33.a4 Ra3 34.Rxc7 Rxa4 35.Kf3 Kg7 36.Kg4 Kg6
37.Rc6 gxf4 38.gxf4 Kg7 39.Rc7 a6 40.Rc6 Ra1 41.f5 Rg1+ 42.Kh4 exf5 43.Rxa6 Rg6
44.Ra7 Kf8 45.Rb7 Rg4+ 46.Kh5 Rg2 47.Rb6 Rg6 48.Rb7 Ke8 49.Ra7 Rg3 50.Ra6 Ke7
51.Rf6 Rg7 52.Kh4 f4 53.Kh5 Kd7 54.Rxf4 Ke6 55.Kh6 Kxe5  1/2-1/2

[Event "1st Simon Bolivar Open 2012"]
[Site "San Cristobal VEN"]
[Date "2012.09.28"]
[Round "7.1"]
[White "Iturrizaga,E"]
[Black "Beliavsky,A"]
[Result "1/2-1/2"]
[WhiteElo "2625"]
[BlackElo "2609"]

1.Nf3 Nf6 2.c4 e6 3.g3 d5 4.Bg2 Be7 5.d4 O-O 6.O-O dxc4 7.Qc2 a6 8.a4 Bd7
9.Qxc4 Bc6 10.Bf4 a5 11.Nc3 Na6 12.Rac1 Bd6 13.Bg5 Bb4 14.Ne5 Bxg2 15.Kxg2 Re8
16.Rfd1 c6 17.e4 h6 18.Bxf6 Qxf6 19.f4 Qe7 20.Na2 Bd6 21.Qb3 Bxe5 22.dxe5 Red8
23.Kh3 Rxd1 24.Rxd1  1/2-1/2

[Event "Tatry Open 2012"]
[Site "Tatranske Zruby SVK"]
[Date "2012.09.28"]
[Round "7.39"]
[White "Taborsky,R"]
[Black "Koci,L"]
[Result "1-0"]
[WhiteElo "2254"]
[BlackElo "1942"]

1.d4 Nf6 2.c4 e6 3.g3 d5 4.Bg2 Be7 5.Nf3 O-O 6.O-O b6 7.Nc3 Bb7 8.cxd5 Nxd5
9.Nxd5 Bxd5 10.Qc2 Nd7 11.e4 Bb7 12.Rd1 Nf6 13.Ne5 Rc8 14.Be3 c6 15.Rac1 Bd6
16.Nc4 Bb8 17.b4 Ng4 18.Bd2 Nf6 19.h3 Qe7 20.Qb1 Rfd8 21.Be3 Rd7 22.a4 b5
23.Na5 bxa4 24.Rc5 Qd8 25.Rdc1 Qb6 26.d5 Qd8 27.dxc6  1-0